Peanuts Characters by date introduced - Statistics

General Stats
  • This quiz has been taken 60 times
  • The average score is 12 of 18
Answer Stats
Date Character % Correct
October 2, 1950 Charlie Brown
100%
October 4, 1950 Snoopy
98%
March 3, 1952 Lucy Van Pelt
96%
September 19, 1952 Linus Van Pelt
94%
May 30, 1951 Schroeder
88%
July 20, 1971 Marcie
82%
July 13, 1954 Pig Pen
80%
August 22, 1966 Peppermint Patty
78%
February 7, 1951 Violet Gray
78%
October 2, 1950 Shermy
71%
October 2, 1950 Patty
65%
August 23, 1959 Sally Brown
61%
March 26, 1973 Rerun Van Pelt
57%
August 13, 1975 Spike
43%
March 6, 1961 Freida
33%
June 13, 1978 Eudora
31%
November 30, 1954 Charlotte Braun
24%
September 30, 1963 Five
14%
No matching quizzes found
Score Distribution
Percent of People with Each Score
Percentile by Number Answered
Your Score History
You have not taken this quiz